[Event "Bundesliga 0506"]
[Site "Germany"]
[Date "2005.11.13"]
[Round "4.3"]
[White "Acs, Peter"]
[Black "Gschnitzer, Oswald"]
[Result "1-0"]
[WhiteElo "2518"]
[BlackElo "2427"]
[Annotator "Marin,M"]
[PlyCount "81"]
[EventDate "2005.10.21"]
[EventType "team-tourn"]
[EventRounds "15"]
[EventCountry "GER"]
[SourceTitle "CBM 110"]
[Source "ChessBase"]
[SourceDate "2006.01.31"]
[SourceVersion "1"]
[SourceVersionDate "2006.01.31"]
[SourceQuality "1"]
[WhiteTeam "Eppingen"]
[BlackTeam "Kirchheim"]
[WhiteTeamCountry "GER"]
[BlackTeamCountry "GER"]

1. e4 e5 2. Nf3 Nc6 3. Bb5 a6 4. Ba4 Nf6 5. O-O Be7 6. Re1 b5 7. Bb3 d6 8. c3
O-O 9. h3 Na5 10. Bc2 c5 11. d4 Nd7 12. d5 {This almost forgotten move becomes
little by little fashionable. Generally, White is supposed to refrain from
blocking the centre without immediate necessity.} ({However, Black has scored
relatively well in recent years with the Nenashev line:} 12. Nbd2 exd4 13. cxd4
Nc6 {and White's desire to change path is fully understandable.}) 12... Nb6 {
After the famous game Fischer-Keres, almost all the games where this position
was reached continuedlike this. Black clears the h3-c8 diagonal in order to
create the positional threat ...f5, undrmining the d5-pawn. However, if White
will manage to keep the black knights under control, the weakened black king
side might become the telling factor.} ({An important alternative is} 12... Nc4
{, placing the a5-knight on a better path.} 13. b3 Ncb6 14. a4 (14. Nbd2 c4 $1
15. Nf1 (15. b4 a5 $1 $132) 15... Qc7 16. Bd2 a5 17. g4 Nc5 18. Ng3 g6 19. Bh6
Re8 $132 {0-1 Papp,G (2477)-Greet,A (2389)/Budapest 2005/CBM 105 ext (53)})
14... bxa4 15. bxa4 Nc4 16. Bd3 Na5 17. Na3 Nb6 18. c4 Nd7 {After this move,
White will manage to consolidate his advantage of space.} ({More challenging
would have been} 18... Bd7 $5 {[%csl Ya4,Yc4] for instance} 19. Bd2 Bxa4 20.
Bc2 Bxc2 21. Qxc2 Nb7 22. Reb1 a5 23. Rb5 Qc7 24. Rab1 Ra6 25. Qb2 Bd8 {
and, although Black's position looks pretty passive, it is not easy for White
to make further progress, especially that the a-pawn needs permanent attention.
}) 19. Rb1 Qe8 20. Bd2 Bd8 21. Nc2 Nf6 22. Ne3 g6 23. g4 Qe7 24. Bc3 Ne8 25.
Qd2 Nb7 26. Kh1 Ng7 27. Rg1 Kh8 28. Rg2 $14 {0-1 Sutovsky,E (2665)-Acs,P (2525)
/Paks 2005/CBM 108 (46)}) 13. Nbd2 {Along the years, White has discovered that
he doesn't need to fear the threat of ...f5, which is more double edged than
Black would like it.} (13. g4 $6 {is typically premature because of} h5 $1 14.
Nh2 hxg4 15. hxg4 Bg5 16. Nd2 g6 17. Ndf3 Bxc1 18. Qxc1 Kg7 $132 {0-1 Fischer,
R-Keres,P/Curacao 1962/Candidates (73)}) 13... f5 ({The last opportunity to
deviate from the main course of current theory is the very rare} 13... g6 $5 {
After} 14. Nf1 {a draw was agreed in Almasi,Z (2628)-Acs,P (2525)/Paks 2005/
CBM 108. Although we cannot know whether this was a pre-agreed draw or not, it
is suggestive that Acs, who frequently plays the Chigorin with both colours,
regularly deviates from the main plan. In the final position, Black should
probably play} (14. g4 Ra7 (14... f5 $5 {looks like the critical continuation,
when White's king will be more exposed than his colleague. This would
compensate for the weakness of the e4-square.}) 15. Nf1 Bf6 ({This was the
last possibility of playing} 15... f5 {although after} 16. Bh6 Rf7 {it is not
entirely clear whether ...Ra7 has been such a useful move. Maybe instead of 16.
..Rf7, a better choice is 16...fxg4 17.Bxf8 Qxf8 18.hxg4 Bxg4 with certain
compensation for the exchange.}) 16. Ng3 Bg7 17. Kh2 $14 {White has managed to
consolidate his advantage of space and can quietly prepare his king side
attack. 1-0 Zakharov,A-Vatnikov,J/Moscow 1966/MCD (44)}) 14... f5 {and I
cannot see any major problems for him.}) 14. exf5 Bxf5 15. Bxf5 Rxf5 16. Ne4 {
The first phase of the mobilisation of forces has completed and we can draw
some conclusions already. Black's compensation for White's authoritary control
over the e4-square consists of the relative weakness of the d5-square (as a
consequence of the concentration of knights on this area of the board) and the
pressure along the f-file. However, Black's trumps have a rather transitory
character and if White will manage to consolidate, the future would be his.}
Qd7 {Black completes his development, preparing the connection between rooks
with ...Raf8.} (16... Qe8 {was seen in 1-0 Leko,P (2763)-Adams,M (2737)/
Miskolc 2005/CBM 108/[Erenburg] (44)}) 17. Nfg5 $146 {White considers that he
only needs one knight in order to control the e4-square, since the enemy
knights are too far away to challenge its domination. Therefore, he offers his
other knight for exchange.} (17. Bg5 $6 {looks less logical, since this bishop
can still be useful to White.} Raf8 18. Bxe7 Qxe7 19. Qd3 Nb7 20. Rad1 Na4 21.
Qe2 c4 22. b4 cxb3 23. axb3 Nac5 24. b4 Nxe4 25. Qxe4 Qc7 26. Qe3 Rc8 27. Rc1
a5 $132 {0-1 Jirovsky,M (2420)-Iuldachev,S (2445)/Mlada Boleslav 1993/EXT 97 
(62)}) ({Keeping all the remaining minor pieces on board didn't offer White
anything concrete in a game played at the highest level:} 17. b3 Raf8 18. Nh2
Qd8 19. Nf1 Qa8 20. Ne3 Rf4 21. f3 Qe8 22. Bd2 Qg6 23. c4 Nb7 24. Kh1 b4 25. a3
a5 $13 {1/2-1/2 Leko,P (2749)-Kramnik,V (2754)/Monte Carlo 2005/CBM 105 ext 
(37)}) 17... Bxg5 18. Bxg5 ({White's development is insufficient to allow him
insist with the occupation of the e6-square:} 18. Nxg5 Raf8 19. Re2 h6 20. Ne6
$6 R8f6 {when threats such as Nxc5 or Nc6-e7 are hard to parry.}) 18... Nb7 $5
{This unforced retreat has the concrete purpose of defending the d6-pawn, in
order to enable setting upthe pressure against the d5-pawn.} ({Spending one
tempo on such a natural move as} 18... Raf8 {would allow White consolidate with
} 19. b3 Nb7 20. Rc1 $5 {/\c4} (20. Qd2 Qf7 21. Rad1 Qg6) 20... c4 21. Be3 Qd8
22. Rb1 $14 {with unpleasant pressure.}) 19. Be3 $5 {White answers with the
same method: he willingly retreats a minor piece for concrete purposes. The
pressure along the e3-b6 diagonal gives White some tactical ideas. Besides,
the g5-square is cleared in view of an eventual installment of the knight on
e6.} (19. Qd2 h6 $15 {[%csl Yg5]}) (19. Qd3 h6 (19... Raf8 20. Rad1 c4 21. Qc2
Na4 22. Be3 $14) 20. Be3 Nc4 21. Bc1 Nb6 $11 {/\Qf7} 22. b3 c4 $1 $132) 19...
Nc4 {Black should not refrain from such a natural move, ofcourse.} (19... Qf7
20. b4 (20. g4 $6 Qg6 $1 $15) 20... Qxd5 (20... Nxd5 21. g4 Rf6 22. Nxf6+ Nxf6
23. bxc5 dxc5 $14) 21. Nxd6 Nxd6 22. bxc5 Ndc4 23. cxb6 Qc6 24. a4 Raf8 25. a5
$14) 20. Bc1 a5 $6 {This mechanical move will allow White consolidate.} ({
Black should have insisted with his main idea, the pressure against the
d5-pawn.} 20... Qf7 21. a4 {The only way to fight for an advantage.} (21. Ng5
Qg6 22. Ne6 Nd8 $11) (21. g4 Qg6) 21... Nb6 22. axb5 axb5 23. Rxa8+ Nxa8 {
and the exchanges have made Black's position easier to handle.}) 21. a4 b4 22.
b3 Nb6 23. c4 $14 {White has managed to freeze the queen side, consolidating
his spatial advantage and leaving the enemy knights on passive positions.
Besides, he has made the second rank available for his queen's rook, in order
to get a perfect coordination of his forces.} Raf8 24. Ra2 Nc8 $6 {This
careless move leads to concrete problems.} (24... h6 $142 $5) 25. g4 $1 {
With the knights far away, there is no danger connected with the weaknesses
created by this move. White simply drives the rook on an unfavourable square,
winning time for the transfer of the knight to e6.} ({The immediate} 25. Ng5 {
would have allowed Black to resist with} Nd8) 25... Rf3 (25... R5f7 26. Ng5 {
is similar}) 26. Ng5 R3f6 27. Qd3 Rg6 28. Ne6 Re8 29. f4 $16 {By opening the
position, White takes full advantage of his by far better coordination of
forces.} exf4 30. Rae2 Nd8 31. Nxf4 Rxe2 32. Qxe2 Rf6 33. Nh5 Rf7 34. Bb2 Kf8
35. Qd3 Ne7 36. Qxh7 Ng8 37. Bxg7+ Rxg7 38. Rf1+ Rf7 39. Qg7+ Ke7 40. Re1+ Ne6
41. Qxg8 1-0

[Event "Bundesliga 0506"]
[Site "Germany"]
[Date "2006.02.19"]
[Round "11.3"]
[White "Holzke, Frank"]
[Black "Romanishin, Oleg M"]
[Result "1/2-1/2"]
[WhiteElo "2479"]
[BlackElo "2547"]
[Annotator "Marin,M"]
[PlyCount "124"]
[EventDate "2005.10.21"]
[EventType "team-tourn"]
[EventRounds "15"]
[EventCountry "GER"]
[SourceTitle "CBM 112"]
[Source "ChessBase"]
[SourceDate "2006.06.07"]
[SourceVersion "1"]
[SourceVersionDate "2006.06.07"]
[SourceQuality "1"]
[WhiteTeam "Wattenscheid"]
[BlackTeam "Kreuzberg"]
[WhiteTeamCountry "GER"]
[BlackTeamCountry "GER"]

1. e4 e5 2. Nf3 Nc6 3. Bb5 a6 4. Ba4 Nf6 5. O-O Be7 6. Re1 b5 7. Bb3 d6 8. c3
O-O 9. h3 Na5 10. Bc2 c5 11. d4 Nd7 12. Nbd2 cxd4 13. cxd4 Nc6 {This variation
is associated with the name of the great expert of the Chigorin Ruy Lopez,
Paul Keres. Play has an entirely different character than in the modern
"Nenashev Variation" where Black captures on d4 with his e-pawn.} 14. Nb3 {
This is considered to be the main line.} ({The Keres- and Nenashev- variations
have the following line in common:} 14. Nf1 {(This natural move, continuing
White's development, does not face Black with serious problems in view of the
following forced operation)} exd4 15. Nxd4 Nxd4 16. Qxd4 Ne5 {0-1 Fluvia
Poyatos,J (2464)-Baron Rodriguez,J (2437)/Lorca 2005/CBM 111/[Marin] (48)}) ({
The immediate blocking with the centre with} 14. d5 {(which is supposed to be
the most effective continuation in the Nenashev-line) allows Black obtain a
harmonious regroupment with} Nb4 15. Bb1 a5 16. a3 Na6 17. b4 Nb6 {[%csl Ra4,
Gb4,Rc4][%cal Yc8d7] /\Bd7, with queen side pressure.}) 14... a5 {[%cal Ya5a4]
The natural reaction once the white queen's knight emerges on b3.} 15. Bd3 {
[%csl Gb5] The critical continuation, aiming to take advantage of the slight
weakness of Black's queen side and his incomplete development on this side of
the board.} (15. Be3 a4 16. Nbd2 exd4 17. Nxd4 Nxd4 18. Bxd4 Ne5 {[%cal Yc8e6,
Ye7f6] is known for a long time to be inoffensive for Black, because of his
easy development as well as his considerable queen side spatial advantage. The
slightly exotic} 19. Nb1 $5 {played recently did not manage to change this
evaluation.} Be6 20. Nc3 Qa5 $132 21. f4 $6 (21. Nd5 Bxd5 22. exd5 Bf6 $11)
21... Nc6 22. Be3 a3 $15 {0-1 Vachier Lagrave,M (2527)-Mamedyarov,S (2646)/
Lausanne 2005/CBM 108 ext (44)}) 15... a4 $5 {It seems that it is mainly this
pawn sacrifice that can maintain Black's position viable.} ({In case of} 15...
Ba6 {White can take advantage of the slightly congestioned placement of the
black pieces with} 16. d5 Nb4 17. Bf1 a4 18. Nbd4 $5 {/\ a3, פb4 1-0 Anand,V 
(2784)-Piket,J (2609)/Wijk aan Zee 1999/CBM 069/[Wedberg] (41)}) 16. Bxb5 Qb6
17. Bxc6 Qxc6 18. Nbd2 Bf6 {We can safely call this the Romanischin sub-line,
since theory greately relies on his games. (The only problem is that there
already exists a more important variation of the Chigorin Ruy Lopez that bears
his name, 11...Bb7, which is a proof of Romanischin's great contribution to
the development of this opening in general). As a compensation for the
sacrificed pawn, Black has the pair of bishops and the slightly better
development. However, White's strong centre of pawns enables him fight for an
opening advantage. For the moment, he has to find a way to solve the problem
of the pressure against the d4-pawn. In practice, a wide range of
continuations have been tried.} 19. b3 {this move prepares the consolidation
of the d4-square with a further Bb2.} ({Bocking the centre with} 19. d5 {
leaves Black frees hands on the queen side, partly because the c5-square
becomes available to the knight.} Qa6 {[%cal Yd7c5,Yc8d7,Yf8c8,Ra6a1]} ({
Romanischin had no special reasons to be discontent of} 19... Qb5 {[%csl Gd3]
[%cal Yd7c5,Yc8a6,Yf8c8] , which enabled him to maintain approximate equality
against a strong opponent, just months earlier:} 20. b3 axb3 21. Nxb3 Nb6 22.
Bg5 Bxg5 23. Nxg5 h6 24. Nf3 f5 $44 {[%csl Yd5] 1/2-1/2 Galkin,A (2607)
-Romanishin,O (2537)/Moscow 2004/CBM 100 (38). In choosing another square for
the queen, he might have intended to avoid specific home preparation.}) 20. b3
axb3 21. Nxb3 {White has managed to take the c5-square under control, but in
doing so he has considerably weakened his queen side.} Nb6 22. Bd2 Nc4 23. Bc3
Bd7 24. Nfd2 Na3 25. Nb1 Rfc8 26. Re3 Bg5 27. Rf3 Bb5 $44 {[%csl Gd1,Gf3][%cal
Yb5e2] Black's minor pieces exert strong pressure against White's position.
However, the conclusion of the game arises unexpectedely quickly.} 28. Rf5 $2 (
28. Nc1 $8 {[%csl Ye2]}) 28... Be2 {0-1 Spoelman,W (2357)-Romanishin,O (2543)/
Hoogeveen 2004/CBM 102 ext} 29. Qe1 Nc2 $19 {[%csl Ye1]}) ({Another way of
preparing Bb2 is} 19. b4 $5 exd4 ({Simpler seems to be} 19... axb3 {which
transposes to our main game.}) 20. Bb2 a3 21. Bxd4 Ne5 22. Nxe5 (22. Re3 $5 $14
{(>< d3, a3) Goloschapov}) (22. Qc1 $5 $14 {Goloschapov}) 22... dxe5 23. Bc5
Rd8 24. Qc2 Be7 25. Nb3 Be6 26. Rac1 Bg5 27. Rcd1 h6 28. Nc1 Qb5 29. Qc3 {
The activity of the black bishops and the weakness of the a2-pawn offer Black
at least adequate compensation, 1/2-1/2 Goloshchapov,A (2577)-Romanishin,O 
(2541)/Kharkov 2004/CBM 103}) ({Curiously, the natural} 19. Nf1 $5 {has not
been seen lately, although Black has not proved yet an efficient way of
equalising.} exd4 (19... Qb6 $5 20. Ne3 Bb7 21. d5 Nc5 $44) 20. Nxd4 Qb6 21.
Be3 $1 (21. Nf5 a3 $44 {1-0 Kavalek,L-Hecht,H/Solingen 1974/EXT 98 (34)}) 21...
Qxb2 22. Ng3 {Black has won the sacrificed pawn back, but White's development
is by far superior.} Nc5 23. Nh5 Nxe4 24. f3 Nc3 25. Nxf6+ gxf6 26. Qd2 a3 27.
Bh6 $16 Kh8 $6 (27... Qxd2 28. Bxd2 Nd5 29. Bh6 Rd8 30. Nc6 $16) 28. Rac1 (28.
Qf4 $1 Nd5 29. Qg3 Qxd4+ 30. Kh1 $16 Rg8 $6 31. Qxg8+ $1 $18) 28... Qxd2 29.
Bxd2 Nd5 30. Rc6 $44 {1-0 Matulovic,M (2525)-Ciocaltea,V (2470)/Lugano 1968/
MCD (43)}) ({Quite understandably,} 19. dxe5 {has never been tried, since it
allows Black obtain great central activity, by opening the d-file and
releasing the control over the c5-square.} dxe5 20. Nf1 Nc5 21. Ng3 Rd8 22. Qc2
Bb7 $44 {[%csl Yd3]}) 19... axb3 ({Releasing the tension in the centre with} 
19... exd4 {seems to be precisely what White is hoping for.} 20. Bb2 Ne5 21.
Bxd4 Be6 22. Re3 (22. Rc1 Qb5 $1 {/\ Nd3 Tal}) 22... Qb5 (22... axb3 23. axb3
h6 $14 {Tal}) 23. Bc3 Qc5 24. Rc1 (24. b4 $6 Qxe3 $1 25. fxe3 Nxf3+ 26. Nxf3
Bxc3 $13 {Tal}) 24... Rac8 25. b4 Qxe3 26. fxe3 Nxf3+ 27. Nxf3 Bxc3 28. a3 $16
{1-0 Tal,M (2625)-Romanishin,O (2555)/Jurmala 1987/CBM 005 (39)}) 20. Nxb3 Ra4
$146 {Black immediately occupies the square that has been made available by
the queen side operation initiated by White.} ({Apparently, long term
experience has convinced Romanischin that giving up the tension in the centre
too soon with} 20... exd4 {is not best, although in practice this move has
served him acceptably well.} 21. Bb2 ({In fact, the main problem seems to be} 
21. Nbxd4 Qa4 22. Bg5 $1 {when after} Bb7 23. Rb1 Qxd1 24. Rbxd1 Bxg5 25. Nxg5
h6 26. Ngf3 Nf6 27. Nb5 Bxe4 28. Nfd4 {in the game 1-0 Hossain,E (2413)
-Romanishin,O (2543)/Calcutta 2004/CBM 103 ext (102) Black should have played}
d5 $11 {/+/= although White's position would remain preferable because of the
firm blockade on d4 and the outside passed a-pawn.}) 21... Ra4 (21... Ne5 22.
Nfxd4 Qa6 23. Bc3 Bb7 24. Nf5 Rac8 25. Bd4 g6 26. Nh6+ Kg7 27. Ng4 $16 {
1/2-1/2 Delchev,A (2624)-Romanishin,O (2537)/St Vincent 2004/CBM 098 ext (83)})
22. Nfxd4 Qa8 23. Qd2 d5 $132 24. Nf5 dxe4 25. Bxf6 Nxf6 $11 26. Nxg7 $5 Ra6 $1
{[%csl Yg7]} 27. Qg5 h6 28. Qxh6 (28. Qg3 Kh8 {[%cal Yf8g8]}) 28... Ne8 29. Qh4
Kxg7 30. Qxe4 Qxe4 31. Rxe4 $44 Nf6 32. Re5 Rd8 33. a4 Rc6 34. a5 Rd3 35. Nc5
Rc3 36. Ne4 Nxe4 {1/2-1/2 Inarkiev,E (2602)-Romanishin,O (2558)/Athens 2005/
CBM 105 ext}) 21. d5 {This does not seem to face Black with too big problems.
With his centre safely defended, he can now plan the activation of his pieces
without any restriction.} ({However, after} 21. Bb2 {, besides 21...exd4,
which would transpose above, to an acceptable position for Black, he could
also play} Qa8 $44 {[%csl Ya2,Yd4] leaving the moment of the decision for
later.}) 21... Qa6 22. Qc2 Nb6 23. Re3 Bd7 $44 {[%csl Ya2,Ye4] White's
extra-pawn does not make itself felt. The pressure against the a2- and
e4-pawns ensures Black entirely adequate counterplay.} 24. Rc3 h6 25. Nh2 Rc8
26. Rxc8+ Qxc8 27. Qxc8+ Nxc8 28. f3 Bd8 29. g4 Bb6+ 30. Kg2 Ne7 31. Nf1 Bb5
32. Ne3 Ng6 33. Nf5 Bc4 34. Nd2 Nf4+ 35. Kh2 Bxa2 36. Nf1 (36. Nxd6 $2 Bd4 $1
$19 {[%csl Ya1]}) 36... g6 37. Bxf4 gxf5 38. Bxh6 f4 39. Bg5 Kg7 40. Be7 Bc5
41. g5 Kg6 42. Kg2 Ra7 43. Bf6 Ra8 44. Nd2 Bd4 45. Rc1 Bxd5 46. exd5 Ra2 47.
Rd1 Be3 48. h4 Bxd2 49. h5+ Kxh5 50. Rh1+ Kg6 51. Rh6+ Kf5 52. Be7 Bc3+ 53. Kh3
e4 54. fxe4+ Kxe4 55. Bxd6 Ra1 56. Rh4 Rh1+ 57. Kg4 Rxh4+ 58. Kxh4 Be1+ 59. Kg4
f3 60. Bg3 f2 61. Bxf2 Bxf2 62. g6 fxg6 1/2-1/2